000 00484nam a2200181Ia 4500
005 20250508152421.0
008 008 250505s9999 xx 000 0 eng d
037 _aBooks to be hide in OPAC
040 _aFEDL
_beng
_cFEDL
041 _aeng
_2eng
084 _a812, NEI/O
_qFEDL
100 _aO'Neill Eugene
245 0 _aNine plays
260 _aNew York, USA
_bThe Modern Library
_c1952
300 _a867p.
942 _cHB
_h812, NEI/O
999 _c1336290
_d1336290